000 00798nam a22002057a 4500
005 20140904081604.0
008 980713s1998 ck a r 00010dspa d
020 _a9589061966
041 0 _aspa
082 0 4 _a333.72
_bR91e
100 1 _aRudas-LLeras, Guillermo.
_926390
245 1 0 _aEconomía y ambiente :
_binstrumentos económicos, cuentas ambientales y análisis costo-beneficio /
_cGuillermo Rudas.
260 _aBogotá
_bFescol
_bCerec
_bPontificia Universidad Javeriana. Instituto de Estudios Rurales
_c1998.
300 _a219 p.
_bil. ;
_c24 cm.
504 _aIncluye bibliografía.
650 _aPolítica ambiental
_xAspectos económicos
_zColombia.
_926391
650 _aConservación de los recursos naturales
_zColombia.
_926392
650 6 _aCapa de ozono.
_9759
942 _2ddc
_cLIBRO
999 _c8666
_d8666